| 000 | 01886nam a2200301 i 4500 | ||
|---|---|---|---|
| 001 | 16283 | ||
| 003 | DO-SdUEMH | ||
| 005 | 20260128154932.0 | ||
| 007 | ta | ||
| 008 | 211105s2005||||dr |||gr|||| 0|| |dspa d | ||
| 040 |
_aDO-SdUEMH _bspa _erda |
||
| 041 | _aspa | ||
| 082 | 1 | 4 |
_aRD345.056 V145 2005 _mRD _bV145 |
| 084 | _b08-00139 | ||
| 100 | 1 |
_aVALDEZ, JACINTO _eaut |
|
| 245 | 0 |
_aLa Puesta en Libertad: _bacorde con el nuevo código prosesal penal: con formu larios anotados / _cJacinto Valdez |
|
| 260 | _c2005 | ||
| 264 | 1 |
_aSanto Domingo, República Dominicana : _bSerrallés, S.A. _c2005 |
|
| 264 | 4 | _c©2005 | |
| 300 |
_a121 páginas : _c21 cm. |
||
| 336 |
_2rdacontent _atexto _btxt |
||
| 337 |
_2rdamedia _asin mediación _bn |
||
| 338 |
_2rdacarrier _avolumen _bnc |
||
| 504 | _aContiene Información Bibliográfica a Final de la Obra. | ||
| 505 | 2 | _aCapítulo I: La puesta en libertad por la Policía Nacional -- La puesta en libertad por el Procurador Fiscal -- La puesta en libertad por el Juez de Instrucción -- La puesta en libertad por la Cámara de Calificaciones -- La puesta en libertad por el Juez de Fondo -- La puesta en libertad por la Corte de Apelación -- La puesta en libertad por la Suprema Corte de Justicia -- Capítulo II: La libertad provisional bajo fianza -- La libertad condicional -- Suspensión de la prisión -- Excarcelación por razones de enfermedad -- El cumplimiento de la pena -- La muerte del recluso -- El perdón condicional de la pena -- El indulto -- Capítulo III: La amnistía -- El habeas corpus -- Retiro de la querella o desistimiento -- Medios extrajudiciales -- El cabildeo -- Tráfico de influencias -- Conciliación -- Arbitraje -- Transacción -- La simulación de reos -- La fuga o evasión de preso -- Capítulo IV: Casos de calamidad pública y fenómenos naturales -- Ciclones. | |
| 942 |
_2ddc _cBK _n0 |
||
| 999 |
_c16283 _d16283 |
||